|
|
|
|
| LEADER |
00000cam a2200000 7i4500 |
| 001 |
0000002389 |
| 005 |
20030604.0 |
| 020 |
0 |
0 |
|a 0521329310
|
| 090 |
0 |
0 |
|a 581.10428
|b ROO 1987
|
| 245 |
0 |
0 |
|a ROOT development and function
|c edited by P.J. Gregory, J.V. Lake and D.A. Rose
|
| 260 |
0 |
0 |
|a Cambridge [Cambridgeshire] ;
|a New York :
|b Cambridge University Press ,
|c 1987
|
| 300 |
|
|
|a xiii, 205 p. :
|b ill. ;
|c 24 cm.
|
| 500 |
0 |
0 |
|a Includes bibliographies and index
|
| 650 |
0 |
0 |
|a Roots (Botany
|x DevelopmentxCongresses
|
| 700 |
0 |
1 |
|a Gregory
|h P. J.
|
| 700 |
0 |
1 |
|a Lake
|h J. V
|
| 700 |
0 |
1 |
|a Rose
|h D. A.
|
| 998 |
|
|
|a JPSM
|
| 999 |
|
|
|a 0000004242
|b Monograph
|c Open Shelf
|e Default branch
|